Detalles MARC
| 000 -LEADER |
| fixed length control field |
02042nam a2200469 i 4500 |
| 001 - CONTROL NUMBER |
| control field |
DIGFCE1513 |
| 003 - CONTROL NUMBER IDENTIFIER |
| control field |
NyNyDIG |
| 006 - FIXED-LENGTH DATA ELEMENTS--ADDITIONAL MATERIAL CHARACTERISTICS |
| fixed length control field |
m o d |
| 007 - PHYSICAL DESCRIPTION FIXED FIELD--GENERAL INFORMATION |
| fixed length control field |
cr ||||||||||| |
| 008 - FIXED-LENGTH DATA ELEMENTS--GENERAL INFORMATION |
| fixed length control field |
220720s2015 mx a ob 000 0 spa d |
| 035 ## - SYSTEM CONTROL NUMBER |
| System control number |
(OCoLC)1350509333 |
| 040 ## - CATALOGING SOURCE |
| Original cataloging agency |
DGITA |
| Language of cataloging |
eng |
| Description conventions |
rda |
| -- |
pn |
| Transcribing agency |
DGITA |
| 020 ## - INTERNATIONAL STANDARD BOOK NUMBER |
| International Standard Book Number |
9786071631497 |
| Qualifying information |
eBook |
| -- |
ePub |
| 020 ## - INTERNATIONAL STANDARD BOOK NUMBER |
| Canceled/invalid ISBN |
9786071625151 |
| 020 ## - INTERNATIONAL STANDARD BOOK NUMBER |
| Canceled/invalid ISBN |
9786078423323 |
| 050 14 - LIBRARY OF CONGRESS CALL NUMBER |
| Classification number |
R128.6.B75 ebook |
| 100 1# - MAIN ENTRY--PERSONAL NAME |
| Personal name |
Martínez Baracs, Rodrigo, |
| Relator term |
author. |
| 245 13 - TITLE STATEMENT |
| Title |
El largo descubrimiento del Opera medicinalia de Francisco Bravo / |
| Statement of responsibility, etc. |
Rodrigo Martínez Baracs. |
| 250 ## - EDITION STATEMENT |
| Edition statement |
Primera edición electrónica. |
| 264 #1 - PRODUCTION, PUBLICATION, DISTRIBUTION, MANUFACTURE, AND COPYRIGHT NOTICE |
| Place of production, publication, distribution, manufacture |
México, D.F. : |
| Name of producer, publisher, distributor, manufacturer |
Fondo de Cultura Económica : |
| -- |
Consejo Nacional para la Cultura y las Artes, |
| Date of production, publication, distribution, manufacture, or copyright notice |
2015. |
| 264 #4 - PRODUCTION, PUBLICATION, DISTRIBUTION, MANUFACTURE, AND COPYRIGHT NOTICE |
| Date of production, publication, distribution, manufacture, or copyright notice |
©2014 |
| 300 ## - PHYSICAL DESCRIPTION |
| Extent |
1 online resource : |
| Other physical details |
illustrations. |
| 336 ## - CONTENT TYPE |
| Content type term |
text |
| Content type code |
txt |
| Source |
rdacontent |
| 337 ## - MEDIA TYPE |
| Media type term |
computer file |
| Media type code |
c |
| Source |
rdamedia |
| 338 ## - CARRIER TYPE |
| Carrier type term |
online resource |
| Carrier type code |
cr |
| Source |
rdacarrier |
| 347 ## - DIGITAL FILE CHARACTERISTICS |
| File type |
text file |
| Source |
rdaft |
| 347 ## - DIGITAL FILE CHARACTERISTICS |
| Encoding format |
EPUB |
| 490 1# - SERIES STATEMENT |
| Series statement |
Biblioteca mexicana. Serie Historia |
| 504 ## - BIBLIOGRAPHY, ETC. NOTE |
| Bibliography, etc. note |
Includes bibliographical references. |
| 588 0# - SOURCE OF DESCRIPTION NOTE |
| Source of description note |
Online resource; title from ePub title page (Digitalia, viewed July 27, 2022) |
| 600 10 - SUBJECT ADDED ENTRY--PERSONAL NAME |
| Personal name |
Bravo, Francisco, |
| Dates associated with a name |
active 1553-1570. |
| Title of a work |
Opera medicinalia. |
| 650 #0 - SUBJECT ADDED ENTRY--TOPICAL TERM |
| Topical term or geographic name entry element |
Medicine |
| Form subdivision |
Early works to 1800. |
| 650 #0 - SUBJECT ADDED ENTRY--TOPICAL TERM |
| Topical term or geographic name entry element |
Books |
| Chronological subdivision |
1400-1600 |
| General subdivision |
History |
| Geographic subdivision |
Mexico. |
| 655 #0 - INDEX TERM--GENRE/FORM |
| Genre/form data or focus term |
Electronic books. |
| 776 08 - ADDITIONAL PHYSICAL FORM ENTRY |
| Relationship information |
Print version: |
| Main entry heading |
Martínez Baracs, Rodrigo. |
| Title |
Largo descubrimiento del Opera medicinalia de Francisco Bravo. |
| Edition |
Primera edición. |
| Place, publisher, and date of publication |
México, D.F. : Fondo de Cultura Económica : Consejo Nacional para la Cultura y las Artes, 2014 |
| International Standard Book Number |
9786071625151 |
| 791 2# - |
| -- |
Digitalia (Firm), |
| -- |
distributor. |
| 793 0# - |
| -- |
Digitalia eBook Collection: |
| -- |
Fondo de Cultura Económica |
| 830 #0 - SERIES ADDED ENTRY--UNIFORM TITLE |
| Uniform title |
Biblioteca mexicana (Consejo Nacional para la Cultura y las Artes (Mexico)). |
| Name of part/section of a work |
Serie Historia. |
| 856 40 - ELECTRONIC LOCATION AND ACCESS |
| Materials specified |
Digitalia Hispánica |
| Uniform Resource Identifier |
<a href="https://www.digitaliapublishing.com/a/64332/">https://www.digitaliapublishing.com/a/64332/</a> |
| 910 ## - USER-OPTION DATA (OCLC) |
| User-option data |
Premium collection: 2022 |
| 942 ## - ADDED ENTRY ELEMENTS (KOHA) |
| Koha item type |
Recurso Electrónico |